[Event "Olympiad Women 2024"]
[Site "Budapest HUN"]
[Date "2024.09.21"]
[Round "10.58"]
[Board "3"]
[White "Mekarapiruk, Nathasha"]
[Black "Felix, Tobi"]
[Result "1-0"]
[WhiteElo "1728"]
[BlackElo "1677"]
[PlyCount "29"]
[EventDate "2024.09.11"]
[WhiteTeam "Thailand"]
[BlackTeam "Ghana"]
[WhiteTeamCountry "THA"]
[BlackTeamCountry "GHA"]

1. e4 c6 2. Nf3 d5 3. Nc3 dxe4 4. Nxe4 Nd7 5. Bc4 e6 6. Qe2 Ngf6 7. Neg5 Nb6 8. Ne5 Nfd5 ({RR} 8... Nxc4 9. Qxc4 Qa5 10. Nexf7 Be7 11. Nxh8 Qxg5 12. O-O Bd7 13. Re1 Qd5 14. Qh4 Kf8 15. c4 Qf5 16. d4 Kg8 17. Bg5 Kxh8 18. d5 cxd5 19. cxd5 Qxd5 20. Red1 Qb5 21. a4 Qc6 22. Rac1 Qxa4 23. b3 {0-1 Solak,D (2510)-Soppe,G (2478) Internet Section 15-B blitz 2003 (6)}) ({RR} 8... Qc7 9. Nexf7 Nxc4 10. Nxh8 Nd6 11. O-O Qe7 12. Re1 Bd7 13. Nxe6 Bxe6 14. Qxe6 Qxe6 15. Rxe6+ Kd7 16. Rxd6+ Bxd6 17. Nf7 Re8 18. Kf1 Bc7 19. d4 Ng4 20. f3 Nxh2+ 21. Kf2 h5 22. Bg5 Rf8 23. Ne5+ {½-½ Bornholdt,J (2268)-Daaevik Wadhawan (2324) Titled Tue 25th Jun Late 2024 (5)}) 9. Ngxf7 Qf6 10. Nxh8 $146 ({RR} 10. Bxd5 Nxd5 11. d4 Bb4+ 12. c3 Nxc3 13. bxc3 Bxc3+ 14. Bd2 Bxa1 15. Nxh8 Bxd4 16. Nhf7 Kf8 17. O-O Kg8 18. Bg5 Bxe5 19. Bxf6 Bxf6 20. Ne5 c5 21. Rd1 Rb8 22. Qh5 {1-0 Scherbaum,G-Solger,B Oberschwaben-chB 1991 (3)}) 10... Nxc4 11. Nxc4 Bc5 12. O-O b5 13. Ne5 Nf4 14. Qe4 Bb7 15. d4 1-0

[Event "Olympiad Women 2024"]
[Site "Budapest HUN"]
[Date "2024.09.21"]
[Round "10.58"]
[Board "4"]
[White "Dotse Dzidzor Esi"]
[Black "Tawankanjana, Sasinat"]
[Result "1/2-1/2"]
[WhiteElo "1530"]
[BlackElo "1612"]
[PlyCount "86"]
[EventDate "2024.09.11"]
[WhiteTeam "Ghana"]
[BlackTeam "Thailand"]
[WhiteTeamCountry "GHA"]
[BlackTeamCountry "THA"]

1. d4 d5 2. c4 e6 3. cxd5 exd5 4. Nc3 Nf6 5. Bg5 Be7 6. Nf3 c6 7. e3 Bf5 8. Be2 h6 9. Bxf6 Bxf6 10. O-O O-O 11. Rc1 ({RR} 11. b4 Nd7 12. b5 Qa5 13. Qd2 Qa3 14. Rfc1 Rfc8 15. bxc6 bxc6 16. Ne1 Nb6 17. Bd3 Bxd3 18. Nxd3 Nc4 19. Qc2 Rab8 20. Rab1 Bg5 21. Rb3 Qa5 22. Rcb1 Rb6 23. Re1 Be7 24. h3 Rcb8 25. Rc1 {½-½ Agopov,M (2449)-Hera,I (2530) EU-Cup 24th Kallithea 2008 (4)}) 11... Nd7 12. h3 $146 ({RR} 12. b4 a6 13. Qb3 Qe7 14. a4 b5 15. a5 Rac8 16. Nd1 Qd6 17. Nc3 Rfe8 18. Ne1 Be7 19. Na2 Qg6 20. Bd3 Bd6 21. Bxf5 Qxf5 22. Qd3 Qxd3 23. Nxd3 Re6 24. Nc3 Rce8 25. Ne2 g6 26. g3 Bb8 {½-½ Levchenko,P-Savenets,M (1914) UKR-ch sf U16 2007 (4)}) 12... Re8 13. Re1 Nf8 14. a3 a5 15. Na4 b5 16. Nc5 Ne6 17. Bd3 Bxd3 18. Nxd3 Qd6 19. a4 Rec8 20. Nd2 c5 21. Nxc5 Nxc5 22. dxc5 Rxc5 23. b3 Rxc1 24. Qxc1 bxa4 25. bxa4 Qd7 26. Qc2 Rc8 27. Qb3 Bc3 28. Rd1 Bxd2 29. Rxd2 Rc1+ 30. Rd1 Rxd1+ 31. Qxd1 Qc6 32. Qb3 Qc1+ 33. Kh2 Qc7+ 34. g3 Qd8 35. Kg2 d4 36. Qd3 Qa8+ 37. Kg1 dxe3 38. Qxe3 Qc6 39. Qd4 Qc1+ 40. Kg2 Qc7 41. Kf3 f6 42. Ke3 Qc1+ 43. Kd3 Qe1 1/2-1/2

[Event "Olympiad Women 2024"]
[Site "Budapest HUN"]
[Date "2024.09.21"]
[Round "10.59"]
[Board "1"]
[White "Sagastegui, Thamara"]
[Black "Miladi, Amen"]
[Result "0-1"]
[WhiteElo "1544"]
[BlackElo "1851"]
[PlyCount "112"]
[EventDate "2024.09.11"]
[WhiteTeam "Aruba"]
[BlackTeam "Tunisia"]
[WhiteTeamCountry "ARN"]
[BlackTeamCountry "TUN"]

1. e4 c5 2. c3 Nf6 3. e5 Nd5 4. d4 cxd4 5. cxd4 Nc6 6. Nf3 d6 7. Bc4 e6 8. O-O Be7 9. Qe2 O-O 10. a3 Qb6 11. Rd1 Na5 12. Ba2 ({RR} 12. Nbd2 Nxc4 13. Nxc4 Qa6 14. Bg5 Bd7 15. Bxe7 Nxe7 16. exd6 Nf5 17. Nfe5 Ba4 18. Rd2 Bb5 19. a4 Bxc4 20. Qxc4 Qxd6 21. Rc1 Rfd8 22. Nf3 Ne7 23. Qb5 Rab8 24. Rdc2 h6 25. Rc7 a6 26. Qh5 Rdc8 {½-½ Rozentalis,E (2619)-Hansen,S (2552) Politiken Cup 26th 2004 (10)}) ({RR} 12. Bxd5 exd5 13. Nc3 Qc6 14. exd6 Bxd6 15. Ne5 Bxe5 16. dxe5 Be6 17. Nb5 Qa6 18. Qd3 Rac8 19. Nd4 Qxd3 20. Rxd3 Rc4 21. Be3 {½-½ Tomic,A (2398)-Kadric,D (2586) 76th ch-MNE 2024 (6.2)}) 12... Nb3 13. Bxb3 Qxb3 14. Rd3 Qc4 $146 ({RR} 14... Qb5 15. Nc3 Nxc3 16. bxc3 b6 17. Bg5 Bxg5 18. Nxg5 Ba6 19. Rad1 h6 20. Ne4 dxe5 21. Qd2 Qxd3 22. Qxd3 Bxd3 23. Rxd3 exd4 24. cxd4 Rac8 25. h4 Rfd8 26. Ng3 Rc1+ 27. Kh2 Rd5 28. f4 Rc2 29. Kg1 {0-1 Vusatiuk,A (2305)-Baryshpolets,A (2251) Stepichev Memorial-A 14th 2006 (7)}) 15. Qd1 Bd7 16. Nc3 Rac8 17. Nxd5 exd5 18. Bf4 Bf5 19. Rc3 Qa6 20. Rac1 dxe5 21. Bxe5 Qb5 22. Rxc8 Rxc8 23. Rxc8+ Bxc8 24. Qc2 Qc4 25. Qxc4 dxc4 26. d5 Bc5 27. Bd4 Bxd4 28. Nxd4 Kf8 29. Kf1 Ke7 30. Nb5 Bd7 31. Nc3 Kd6 32. Ke2 Kc5 33. Ke3 f5 34. f4 Be8 35. g3 Bf7 36. d6 Kxd6 37. Nb5+ Kc5 38. Nd4 g6 39. Nc2 Bd5 40. Nd4 b5 41. Ne2 a5 42. Nc3 b4 43. axb4+ axb4 44. Ne2 Be4 45. Nc1 Bc2 46. Ne2 Bd1 47. Nc1 b3 48. Kd2 Bg4 49. Ke3 Kd5 50. h3 Bh5 51. Kd2 Kd4 52. h4 Bg4 53. Ne2+ Bxe2 54. Kxe2 c3 55. bxc3+ Kxc3 56. Kd1 b2 0-1

[Event "Olympiad Women 2024"]
[Site "Budapest HUN"]
[Date "2024.09.21"]
[Round "10.59"]
[Board "2"]
[White "Mefteh, Meyssem"]
[Black "Jacobs, Annelaine"]
[Result "1-0"]
[WhiteElo "1834"]
[BlackElo "1763"]
[PlyCount "104"]
[EventDate "2024.09.11"]
[WhiteTeam "Tunisia"]
[BlackTeam "Aruba"]
[WhiteTeamCountry "TUN"]
[BlackTeamCountry "ARN"]

1. d4 Nf6 2. c4 g6 3. Nc3 Bg7 4. Nf3 O-O 5. Bg5 h6 6. Bh4 d6 7. e3 Nbd7 8. Be2 c6 9. O-O Qc7 10. Rc1 ({RR} 10. h3 e5 11. Qc2 Re8 12. Rfd1 Nf8 13. Rac1 Bf5 14. Qb3 g5 15. Bg3 Ng6 16. c5 dxc5 17. dxe5 Nh5 18. Bh2 Be6 19. Qa3 Bf8 20. Ne4 Bd5 21. Nd6 Bxd6 22. exd6 Qd7 23. Qxc5 Nhf4 24. Bf1 Nxh3+ {0-1 Gozzoli,Y (2583)-Popov,M (2369) Titled Tuesday intern op 1st Nov 2pm blitz 2016 (2)}) ({RR} 10. Qc2 e5 11. dxe5 Nxe5 12. h3 Be6 13. b3 Nxf3+ 14. Bxf3 Nd7 15. Rac1 Ne5 16. Be2 f5 17. f4 Nd7 18. e4 Nc5 19. exf5 Bxf5 20. Qd2 Rae8 21. Bf3 Nd3 22. Rcd1 Bd4+ 23. Kh1 Be3 24. Qb2 Nxb2 {0-1 Petrukhina,O (2091)-Medhus,V (2310) Titled Tue 2nd Jul Early 2024 (2)}) 10... e5 11. h3 Nh7 $146 ({RR} 11... Re8 12. Bg3 a5 13. Qc2 Qd8 14. Rfd1 Qe7 15. b3 e4 16. Nd2 Nf8 17. Qb2 N8h7 18. Re1 Bf5 19. Bf1 Ng5 20. a3 Bf8 21. Ra1 Qd8 22. b4 Ne6 23. Be2 Ng5 24. Bf1 Ne6 25. Be2 {½-½ Batkovskyte,D (1934)-Vaitonis,V (2078) Panevezys op-A 2008 (6)}) 12. b4 Re8 13. b5 f5 14. dxe5 dxe5 15. bxc6 bxc6 16. Bg3 Nc5 17. Bh2 Qe7 18. Qc2 Ba6 19. Rfd1 Rad8 20. Na4 Kh8 21. Nxc5 Qxc5 22. Qa4 Rxd1+ 23. Rxd1 Bc8 24. Rd5 cxd5 25. Qxe8+ Qf8 26. Qxf8+ Nxf8 27. cxd5 Nd7 28. Bb5 e4 29. Nd2 Kg8 30. Nc4 Nc5 31. Be5 a6 32. Bc6 Bb7 33. Kf1 Bxe5 34. Nxe5 g5 35. Ke2 Bxc6 36. dxc6 Ne6 37. Kd2 Kf8 38. Kc3 Ke7 39. Kc4 h5 40. Kd5 Nc7+ 41. Kc5 Ke6 42. Nc4 Nd5 43. Nd2 Ke5 44. Nc4+ Ke6 45. Nb6 Nc7 46. Nd7 f4 47. Kd4 fxe3 48. Kxe3 Kd6 49. Kxe4 Kxc6 50. Nf6 Nb5 51. Kd3 h4 52. Ne4 Kd5 1-0

[Event "Olympiad Women 2024"]
[Site "Budapest HUN"]
[Date "2024.09.21"]
[Round "10.59"]
[Board "3"]
[White "Moreno Mora, Milaydes Lourdes"]
[Black "Ben Amor, Meriem"]
[Result "0-1"]
[WhiteElo "1694"]
[BlackElo "1733"]
[PlyCount "84"]
[EventDate "2024.09.11"]
[WhiteTeam "Aruba"]
[BlackTeam "Tunisia"]
[WhiteTeamCountry "ARN"]
[BlackTeamCountry "TUN"]

1. e4 e5 2. Nf3 Nc6 3. Bb5 a6 4. Ba4 Nf6 5. O-O Nxe4 6. Re1 Nc5 7. Bxc6 dxc6 8. Nxe5 Be7 9. d4 Ne6 10. Be3 O-O 11. Nc3 f6 12. Nf3 Re8 13. a3 $146 ({RR} 13. d5 cxd5 14. Nxd5 b5 15. Nxe7+ Rxe7 16. Qxd8+ Nxd8 17. a4 Bb7 18. axb5 axb5 19. Rxa8 Bxa8 20. Nd4 b4 21. Ra1 Be4 22. f3 Bg6 23. Kf2 c5 24. Ra8 Re8 25. Nb3 c4 26. Nd4 Nc6 27. Rxe8+ Bxe8 {½-½ Tazbir,M (2507)-Sarkar,J (2345) FIDE Disabilities Olym 2023 (3.1)}) ({RR} 13. Qd2 Nf8 14. h3 Be6 15. Rad1 Qd7 16. d5 cxd5 17. Nxd5 Rad8 18. Nxe7+ Qxe7 19. Qa5 Ng6 20. a3 Rxd1 21. Rxd1 Rd8 {½-½ Olsen,U (1644)-Haldorsen,B (1892) NOR-ch Kadett-A 2013 (5)}) ({RR} 13. Qd2 Nf8 14. h3 Be6 15. Rad1 Bf7 16. d5 cxd5 17. Nxd5 Bd6 18. c4 Ne6 19. b4 Bf8 20. a3 Qc8 21. Nd4 Rd8 22. Qc2 a5 23. Nxe6 Bxe6 24. Qc3 axb4 25. axb4 Bf7 26. Bf4 Rd7 27. b5 Bc5 {1-0 Shapoval,G (2068)-Bodnar,A (2260) 1st All-Ukrainian Morshyn 2023 (3.4)}) 13... Bd6 14. Qd2 b6 15. d5 cxd5 16. Qxd5 Rb8 17. Qb3 Kh8 18. Rad1 Bb7 19. Nd5 Ba8 20. c4 Nc5 21. Qc2 Nd7 22. Rd4 Nf8 23. Red1 Bc5 24. R4d3 Bxe3 25. Rxe3 Rxe3 26. Nxe3 Qe8 27. Nh4 Be4 28. Qc3 Qh5 29. g3 Re8 30. Nhg2 Qf3 31. h4 Ng6 32. Rd4 Ne5 33. Qd2 h6 34. Kf1 Ng4 35. Nxg4 Qxg2+ 36. Ke2 Qf3+ 37. Kf1 Qg2+ 38. Ke2 Qf3+ 39. Kf1 Qxg4 40. Rd8 Rxd8 41. Qxd8+ Kh7 42. Qxc7 Qd1# 0-1

[Event "Olympiad Women 2024"]
[Site "Budapest HUN"]
[Date "2024.09.21"]
[Round "10.59"]
[Board "4"]
[White "Gamha, Yasmine"]
[Black "Cabral, Sylvi"]
[Result "1-0"]
[WhiteElo "1679"]
[BlackElo "1471"]
[PlyCount "53"]
[EventDate "2024.09.11"]
[WhiteTeam "Tunisia"]
[BlackTeam "Aruba"]
[WhiteTeamCountry "TUN"]
[BlackTeamCountry "ARN"]

1. e4 c5 2. Nf3 g6 3. d4 cxd4 4. Nxd4 Nf6 5. Nc3 Bg7 6. Be3 Nc6 7. Bc4 O-O 8. Bb3 d6 9. f3 Bd7 10. Qd2 Rc8 11. O-O-O a6 12. h4 h5 13. Kb1 ({RR} 13. Nxc6 bxc6 14. Bh6 Qa5 15. Qg5 Qxg5+ 16. Bxg5 Rc7 17. Rhe1 Rb8 18. e5 Ne8 19. exd6 exd6 20. Re7 Be6 21. Rxc7 Nxc7 22. Rxd6 c5 23. Rc6 Nb5 24. Nxb5 Rxb5 25. Bxe6 Bxb2+ 26. Kd2 fxe6 27. Rxe6 Kf7 {1-0 Zuykov,A (2320)-Teverovsky,A (2171) Vladimir op-B 2009 (6)}) 13... Na5 ({RR} 13... b5 14. Bh6 Nxd4 15. Bxg7 Kxg7 16. Qxd4 a5 17. g4 hxg4 18. h5 a4 19. Bxf7 Rxf7 20. hxg6 Rf8 21. Nd5 Rc4 22. Qe3 Rh8 23. b3 axb3 24. axb3 Rc5 25. Nxf6 exf6 26. Rxh8 Qxh8 27. Rxd6 Qh1+ 28. Kb2 {1-0 Nouali,M (2137)-Balla,T (2285) Titled Tue 5th Mar Late 2024 (4)}) 14. Bg5 Nxb3 15. Nxb3 $146 ({RR} 15. axb3 Rc5 16. Rhe1 Qb8 17. Be3 b5 18. Nf5 Rxf5 19. exf5 Bxf5 20. Bh6 b4 21. Bxg7 Kxg7 22. Nd5 Rc8 23. Ne3 Be6 24. g4 Rc5 25. g5 Nd7 26. f4 a5 27. Qd4+ Kh7 28. Rd2 Qb5 29. Rd3 a4 {1-0 Terletsky,O (2150)-Timushev,A (2110) Lvov Talents op 2011 (8.1)}) ({RR} 15. axb3 b5 16. Nde2 b4 17. Na2 a5 18. e5 Bf5 19. Nd4 dxe5 20. Nxf5 gxf5 21. Qe2 Qc7 22. Rc1 Nd5 23. g4 e4 24. gxf5 Qe5 25. f6 exf6 26. f4 Qf5 27. Rhg1 fxg5 28. Rxg5 Qf6 29. c3 Nxf4 {0-1 Ufimtsev,E (1753)-Stengl,J Plzen op 1st 2009 (3)}) 15... Qc7 16. Bxf6 Bxf6 17. Nd5 Qc6 18. g4 hxg4 19. h5 g5 20. Nd4 Qc5 21. Nxf6+ exf6 22. fxg4 Bxg4 23. Rdg1 Be6 24. Qf2 Kg7 25. h6+ Kg6 26. h7 Rh8 27. Qh2 1-0

[Event "Olympiad Women 2024"]
[Site "Budapest HUN"]
[Date "2024.09.21"]
[Round "10.60"]
[Board "1"]
[White "Nihaya, Ahmed"]
[Black "Viana, Valeria"]
[Result "0-1"]
[WhiteElo "1589"]
[BlackElo "1882"]
[PlyCount "110"]
[EventDate "2024.09.11"]
[WhiteTeam "Maldives"]
[BlackTeam "Honduras"]
[WhiteTeamCountry "MDV"]
[BlackTeamCountry "HON"]

1. e4 c6 2. d4 d5 3. exd5 cxd5 4. c4 Nf6 5. Nc3 Nc6 6. Nf3 Bg4 7. Qb3 Bxf3 8. gxf3 Nxd4 9. Qa4+ ({RR} 9. Qxb7 Rb8 10. Qxa7 Nc2+ 11. Kd1 Nxa1 12. c5 e5 13. Bb5+ Rxb5 14. Nxb5 Be7 15. Nc7+ Kf8 16. b4 Qd7 17. Qb8+ Bd8 18. Nb5 Ne8 19. Bb2 Qf5 20. Bxa1 Qxf3+ 21. Kd2 Qxh1 22. Qxd8 Qxa1 23. Nd6 Qxa2+ {½-½ Berchtenbreiter,M (2394)-Khenkin,I (2592) Rhein Main op-A 18th 2015 (5)}) ({RR} 9. Qxb7 Rb8 10. Qxa7 Nc2+ 11. Kd1 Nxa1 12. Bf4 e5 13. Bxe5 Bd6 14. Qa4+ Ke7 15. Bxf6+ gxf6 16. Nxd5+ Kf8 17. Kc1 Be5 18. b3 Qc8 19. Bd3 Qc5 20. f4 Bd6 21. Qd7 Qa3+ 22. Kd1 Nxb3 23. axb3 Qxb3+ {1-0 Buenafe Moya,J (2161)-Harish,N (2123) Titled Tue 2nd Jul Late 2024 (10)}) 9... Qd7 10. Qd1 dxc4 11. Bxc4 Nc6 $146 ({RR} 11... e6 12. Be3 Nc6 13. Qe2 Bb4 14. Rd1 Qe7 15. O-O O-O 16. Ne4 Nxe4 17. fxe4 Bc5 18. f4 Rad8 19. Bb5 e5 20. Bxc6 Rxd1 21. Rxd1 exf4 22. Bxc5 Qxc5+ 23. Qf2 Qxf2+ 24. Kxf2 bxc6 25. Rd7 h6 26. Rc7 {0-1 Potorski,G-Latham,A US Open-111 Irvine 2010 (3)}) ({RR} 11... e6 12. Be3 Nc6 13. Qxd7+ Nxd7 14. O-O-O O-O-O 15. Bg5 f6 16. Bh4 e5 17. Be6 Nd4 18. f4 Nxe6 19. fxe5 g5 20. Bg3 f5 21. f3 Bc5 22. Rhf1 f4 23. Bf2 Bxf2 24. Rxf2 Nxe5 25. Re2 Rxd1+ 26. Kxd1 {0-1 Yildiz,E (1777)-Dundar,B TUR-ch U16 rapid 2011 (4)}) ({RR} 11... e6 12. Be3 O-O-O 13. O-O Nc6 14. Qa4 Kb8 15. Bb5 Bd6 16. Bxa7+ Kc8 17. Rfc1 Qc7 18. Bxc6 bxc6 19. Ne4 Qb7 20. Rxc6+ Bc7 21. Rac1 Ne8 22. Nc5 Rd4 23. Nxb7 Rxa4 24. Nd6+ Nxd6 25. Rxc7+ Kd8 26. Bb6 {1-0 Cottarelli,F (1942)-Altea,G (1778) Cesenatico op 9th 2004 (5)}) 12. Qb3 e6 13. Bb5 a6 14. Qa4 Rc8 15. Be2 Nd4 16. Qxd7+ Kxd7 17. Bd1 Bb4 18. O-O Bxc3 19. bxc3 Nb5 20. Ba4 Rxc3 21. Bb2 Rxf3 22. Rfd1+ Nd5 23. Rd2 Rc8 24. Rad1 Ke7 25. Kg2 Rf4 26. Bc2 h6 27. a4 Nbc3 28. Re1 Kf8 29. Ba3+ Kg8 30. Bd6 Rfc4 31. a5 R4c6 32. Ba3 Nb5 33. Ba4 Nxa3 34. Bxc6 Rxc6 35. Ra1 Nc4 36. Rdd1 Rc5 37. Rac1 Kf8 38. Kh1 Ke7 39. Rd4 b5 40. axb6 Ndxb6 41. Rg4 g6 42. Kg2 Ne3+ 43. fxe3 Rxc1 44. Rb4 Rc6 45. Kf3 f5 46. Rb1 a5 47. Ra1 a4 48. Ra3 Rc4 49. Ke2 Kd6 50. Kd3 Kc5 51. Ra1 Nd5 52. Kd2 e5 53. Rg1 g5 54. Rf1 f4 55. exf4 exf4 0-1

[Event "Olympiad Women 2024"]
[Site "Budapest HUN"]
[Date "2024.09.21"]
[Round "10.60"]
[Board "3"]
[White "Aishath Iva Hassan"]
[Black "Oseguera, Suhey"]
[Result "1/2-1/2"]
[WhiteElo "1422"]
[BlackElo "1590"]
[PlyCount "169"]
[EventDate "2024.09.11"]
[WhiteTeam "Maldives"]
[BlackTeam "Honduras"]
[WhiteTeamCountry "MDV"]
[BlackTeamCountry "HON"]

1. d4 d5 2. Nc3 c6 3. Bf4 Bf5 4. e3 e6 5. Nf3 Nf6 6. Ne5 Nbd7 7. g4 Bg6 8. h4 h6 9. Nxg6 fxg6 10. Bd3 Bb4 $146 ({RR} 10... Kf7 11. Qf3 Qe8 12. g5 hxg5 13. hxg5 Rxh1+ 14. Qxh1 Nh5 15. O-O-O e5 16. dxe5 Nxe5 17. Be2 Nxf4 18. exf4 Nd7 19. Qh7 Bd6 20. f5 gxf5 21. Bh5+ Kf8 22. Qh8+ Ke7 23. Re1+ Ne5 24. Qxg7+ {1-0 Khumalo,K (2049)-Estrada Nieto,J (2212) Titled Tue 19th Dec Early 2023 (9)}) ({RR} 10... Kf7 11. Qf3 Bb4 12. O-O-O Bxc3 13. bxc3 Ke7 14. g5 Ne4 15. Bxe4 dxe4 16. Qxe4 Nf8 17. Be5 Rg8 18. gxh6 gxh6 19. Qf4 Qd5 20. Qf6+ Ke8 21. c4 Qd7 22. Qf4 Qf7 23. Qxh6 Nd7 24. f4 Kd8 25. Qg5+ {1-0 Borgaonkar,A (2378)-Devaev,A (2325) Titled Tue 4th Jun Early 2024 (5)}) ({RR} 10... Kf7 11. Qf3 Bb4 12. g5 hxg5 13. Bxg5 e5 14. dxe5 Nxe5 15. Qg3 Bd6 16. f4 Nxd3+ 17. cxd3 d4 18. Ne4 Qa5+ 19. Ke2 Nxe4 20. dxe4 Qb5+ 21. Kf3 dxe3 22. Rae1 Rae8 23. Rhg1 Qxb2 24. Rxe3 Bc5 25. Rb3 {1-0 Mikhailovsky,V (2228)-Nilsson,J (2215) Titled Tuesday intern op 19th May blitz 2020 (2)}) ({RR} 10... Kf7 11. Qf3 Bb4 12. Ke2 Bxc3 13. bxc3 Qe8 14. g5 Nh5 15. gxh6 gxh6 16. Be5+ Nhf6 17. Rag1 Rg8 18. h5 Ke7 19. hxg6 Nxe5 20. dxe5 Ne4 21. Bxe4 dxe4 22. Qxe4 Qf8 23. Qb4+ Kd7 24. Qxb7+ {1-0 Golubovic,B (2313)-Petricevic,M (1921) Hvar Arsenal blitz op 2022 (6)}) 11. Bxg6+ Ke7 12. Qf3 Qa5 13. Kd2 Nb6 14. Qg3 Nc4+ 15. Ke2 Bxc3 16. Bc7 Qa6 17. bxc3 Ne5+ 18. Bd3 Nc4 19. f3 Qa3 20. Bxc4 dxc4 21. Qe1 Nd5 22. Be5 Rhg8 23. e4 Nxc3+ 24. Kf2 Raf8 25. Rh3 Nb5 26. d5 c5 27. dxe6 Kxe6 28. Qb1 Nd4 29. Bxd4 cxd4 30. Qxb7 Qe3+ 31. Kf1 Rxf3+ 32. Rxf3 Qxf3+ 33. Kg1 Qg3+ 34. Kh1 Qxh4+ 35. Kg2 Qxg4+ 36. Kh1 Qf3+ 37. Kg1 Qe3+ 38. Kh1 Qf3+ 39. Kg1 Qg4+ 40. Kh1 Rd8 41. Rb1 d3 42. cxd3 cxd3 43. Qc6+ Rd6 44. Qc8+ Rd7 45. Qc6+ Kf7 46. Rb7 Rxb7 47. Qxb7+ Kg6 48. Qa6+ Kh5 49. Qxd3 Qe6 50. Qe2+ Kg5 51. Qf3 Qg4 52. Qe3+ Qf4 53. Qc5+ Kh4 54. Qe7+ g5 55. e5 Kg3 56. Qa3+ Kg4 57. Qe7 h5 58. e6 Qe4+ 59. Kg1 h4 60. Qf7 h3 61. Qf2 Qxe6 62. Kh1 Qe4+ 63. Kg1 Qf3 64. Qd4+ Kg3 65. Qd6+ Qf4 66. Qd3+ Kg4 67. Qd7+ Qf5 68. Qd1+ Kh4 69. Qe1+ Kh5 70. Qe8+ Qg6 71. Qh8+ Qh6 72. Qe8+ Kh4 73. Qe1+ Kh5 74. Qe8+ Qg6 75. Qh8+ Kg4 76. Qd4+ Kf3 77. Qc3+ Kg4 78. Qd4+ Kh5 79. Qh8+ Qh6 80. Qe8+ Kg4 81. Qe4+ Kg3 82. Qe3+ Kg4 83. Qe4+ Kh5 84. Qe8+ Kh4 85. Qe1+ 1/2-1/2

[Event "Olympiad Women 2024"]
[Site "Budapest HUN"]
[Date "2024.09.21"]
[Round "10.60"]
[Board "4"]
[White "Maradiaga, Cesia"]
[Black "Aini Munthazim"]
[Result "1-0"]
[WhiteElo "1675"]
[BlackElo "1536"]
[PlyCount "77"]
[EventDate "2024.09.11"]
[WhiteTeam "Honduras"]
[BlackTeam "Maldives"]
[WhiteTeamCountry "HON"]
[BlackTeamCountry "MDV"]

1. Nf3 d5 2. b3 c5 3. e3 a6 4. Bb2 Nc6 5. Be2 d4 6. O-O e5 ({RR} 6... Nf6 7. Re1 g6 8. Bf1 Bg7 9. c3 O-O 10. cxd4 Nh5 11. Ne5 cxd4 12. Nxc6 bxc6 13. Bxd4 Bxd4 14. exd4 Qxd4 15. Nc3 Be6 16. Re4 Qd6 17. Ra4 a5 18. Ne4 Qe5 19. Rc1 Bd5 20. Nc3 Rfd8 21. Nxd5 {1-0 Juksta,K (2416)-Amburgy,R (2200) AGCA Inv IM 2024 (2.3)}) 7. exd4 ({RR} 7. a4 Bd6 8. Na3 Nf6 9. Nc4 O-O 10. exd4 exd4 11. Re1 Bc7 12. Ba3 b6 13. h3 Re8 14. a5 b5 15. Nb6 Bxb6 16. axb6 Qxb6 17. Bd3 Bb7 18. Rxe8+ Rxe8 19. Qf1 Ne5 20. Nxe5 Rxe5 21. Re1 Rg5 {½-½ Caruana,F (2792)-Najer,E (2661) Wch Blitz Warsaw 2021 (2)}) 7... exd4 8. Re1 Be7 9. d3 $146 ({RR} 9. c3 dxc3 10. dxc3 Qxd1 11. Bxd1 f5 12. c4 Kf7 13. Ne5+ Nxe5 14. Bxe5 a5 15. Nc3 Ra6 16. Bh5+ g6 17. Bxg6+ Rxg6 18. Bxh8 Nf6 19. Rad1 f4 20. Bxf6 Bxf6 21. Nd5 f3 22. g3 {1-0 Zavgorodniy,S (2420)-Tarasenko,V (2027) UKR-chT Chornomorsk 2019 (8.1)}) ({RR} 9. Na3 b5 10. c3 Nf6 11. cxd4 cxd4 12. Rc1 Bb7 13. Nxb5 d3 14. Bxd3 Qxd3 15. Nc7+ Kf8 16. Nxa8 Bxa8 17. Ne5 Qd5 18. Qf3 Nd8 19. Rc8 Qxf3 20. Nxf3 Bb7 21. Ba3 {1-0 Berkes,F (2614)-Vegh,E (2309) HUN-chT 0405 2004 (11)}) ({RR} 9. c3 Nf6 10. cxd4 cxd4 11. Na3 O-O 12. Nc4 Bf5 13. Nfe5 Nb4 14. d3 b5 15. Nd2 Rc8 16. Rc1 Qd5 17. Bf3 Qd6 18. Ba3 Rxc1 19. Qxc1 Rc8 20. Qd1 Bf8 21. g4 Be6 22. Qe2 Rc2 23. Rc1 Rxc1+ {0-1 Potkin,V (2571)-Najer,E (2654) Moscow Smyslov Region Group Cup blitz 2021 (10)}) 9... b5 10. Bf1 Nf6 11. Nbd2 O-O 12. Ne5 Bb7 13. Nxc6 Bxc6 14. Nf3 Re8 15. a3 a5 16. b4 axb4 17. axb4 Bxf3 18. Qxf3 Rxa1 19. Rxa1 c4 20. c3 dxc3 21. Bxc3 Qc8 22. dxc4 bxc4 23. Ra5 Qc7 24. Bxf6 Bxf6 25. Rc5 Qb6 26. Rxc4 Be7 27. Qb3 Rb8 28. b5 Kh8 29. Qh3 g6 30. Qd7 Qe6 31. Rc7 Qxd7 32. Rxd7 Re8 33. b6 Bc5 34. b7 f5 35. Rc7 Bd6 36. Rc8 Rg8 37. Bc4 Rf8 38. Rxf8+ Bxf8 39. b8=Q 1-0

[Event "Olympiad Women 2024"]
[Site "Budapest HUN"]
[Date "2024.09.21"]
[Round "10.61"]
[Board "2"]
[White "Ndirangu, Nyaruai"]
[Black "Zenobia Wasif"]
[Result "1-0"]
[WhiteElo "1782"]
[BlackElo "1743"]
[PlyCount "65"]
[EventDate "2024.09.11"]
[WhiteTeam "Kenya"]
[BlackTeam "Pakistan"]
[WhiteTeamCountry "KEN"]
[BlackTeamCountry "PAK"]

1. d4 Nf6 2. c4 g6 3. Nc3 Bg7 4. e4 d6 5. Be3 Nc6 6. f3 e5 7. d5 Ne7 8. Qd2 ({RR} 8. Bd3 Nh5 9. Nge2 f5 10. Qd2 O-O 11. O-O-O f4 12. Bf2 b6 13. Kb1 g5 14. g4 Nf6 15. h4 h6 16. h5 a6 17. Nc1 Qe8 18. Rhg1 Bd7 19. a3 Qf7 20. Bc2 Rfb8 21. Nd3 Nc8 22. Rc1 Ne7 {1-0 Cebalo,M (2495)-Klaric,Z (2440) Vinkovci 1982 (1)}) 8... Bd7 ({RR} 8... h6 9. Nge2 b6 10. Nc1 Nd7 11. g4 a5 12. Rg1 Ng8 13. N1e2 Ba6 14. Ng3 Nc5 15. b3 Bf6 16. O-O-O Bg5 17. f4 Bxf4 18. Bxf4 exf4 19. Qxf4 Qg5 20. Qxg5 hxg5 21. h3 Nd7 22. Rd2 Ne5 23. Bg2 {½-½ Guzman Fuentes,E (1676)-Corrales Ucles,E (1921) 8th Sueca Open 2024 (6.13)}) 9. Be2 $146 ({RR} 9. Bd3 c5 10. Nge2 a6 11. g4 h5 12. g5 Nh7 13. O-O-O Qa5 14. Kb1 b5 15. Nc1 b4 16. N3e2 Qc7 17. Rdf1 a5 18. h4 a4 19. Ng3 f5 20. f4 fxe4 21. Nxe4 Nf5 22. fxe5 Bxe5 23. Bf4 Bxf4 {1-0 Hahn,W (2080)-Auer,H (1901) Passau op 7th 1999 (7)}) ({RR} 9. O-O-O O-O 10. g4 Ne8 11. h4 f6 12. h5 g5 13. h6 Bh8 14. Nge2 Ng6 15. Ng3 a6 16. Nf5 b5 17. cxb5 axb5 18. b4 Qb8 19. Rh5 Qb7 20. Bd3 Nf4 21. Bxf4 exf4 22. e5 dxe5 23. Ng7 Nd6 {0-1 Lazcano Arguelles,D-Aguilar Canete,E Asturias-chT Primera B 1998 (6)}) ({RR} 9. Nge2 a6 10. b4 O-O 11. Bh6 Nh5 12. g4 Bxh6 13. Qxh6 f6 14. gxh5 g5 15. Rg1 Kh8 16. Rxg5 fxg5 17. Qxg5 Rxf3 18. Bg2 Rf7 19. Qe3 Qg8 20. Ng3 Bg4 21. Bh1 Raf8 22. Kd2 Rf2+ 23. Nce2 Rxh2 {0-1 Liebs,H-Kluge,H BL2 Mitte 9899 (Women) 1998 (4)}) 9... O-O 10. g4 Ne8 11. Bh6 Nf5 12. Bg5 f6 13. exf5 fxg5 14. fxg6 h6 15. Bd3 Qe7 16. O-O-O c6 17. Kb1 b5 18. dxc6 Bxc6 19. cxb5 Bb7 20. Be4 Bxe4+ 21. fxe4 Rc8 22. Nge2 Qe6 23. Qd5 Rf6 24. Ng3 Rxg6 25. Nf5 Kh7 26. h4 gxh4 27. Rxh4 Qf6 28. Rdh1 Qg5 29. Qf7 Qf6 30. Rxh6+ Rxh6 31. Rxh6+ Qxh6 32. Nxh6 Kxh6 33. Qh5# 1-0

[Event "Olympiad Women 2024"]
[Site "Budapest HUN"]
[Date "2024.09.21"]
[Round "10.61"]
[Board "3"]
[White "Mehak Gul"]
[Black "Mutisya, Jully"]
[Result "0-1"]
[WhiteElo "1709"]
[BlackElo "1750"]
[PlyCount "96"]
[EventDate "2024.09.11"]
[WhiteTeam "Pakistan"]
[BlackTeam "Kenya"]
[WhiteTeamCountry "PAK"]
[BlackTeamCountry "KEN"]

1. d4 Nf6 2. Nf3 g6 3. g3 Bg7 4. Bg2 O-O 5. c4 d6 6. O-O Nc6 7. Nc3 a6 8. e4 e5 9. dxe5 dxe5 10. Bg5 h6 11. Qxd8 Rxd8 12. Bxf6 Bxf6 13. Nd5 Bg7 14. Nxc7 Rb8 15. Rfd1 $146 ({RR} 15. Nd5 Be6 16. Ne1 Bg4 17. f3 Be6 18. Nd3 b5 19. b3 f5 20. Nc5 Bc8 21. Rfd1 Kf7 22. Rac1 Nd4 23. Kf2 Bf8 24. cxb5 Rxb5 25. b4 a5 26. Bf1 Rb8 27. Bc4 Kg7 28. Nd3 axb4 29. Nxe5 Bc5 {1-0 Evertsson,L (2200)-Cloodt,H (1667) Stockholm op 2014 (4)}) 15... Bd7 16. Nd5 Bg4 17. Rd2 f5 18. h3 Bh5 19. Nh4 Nd4 20. exf5 gxf5 21. Nxf5 Nxf5 22. g4 Nd6 23. gxh5 Nxc4 24. Ne7+ Kf7 25. Rxd8 Rxd8 26. Nf5 Nxb2 27. Bxb7 a5 28. Nxg7 Kxg7 29. Kh2 Rd1 30. Rxd1 Nxd1 31. Kg3 Kf6 32. h4 Nc3 33. a3 Nb5 34. a4 Nd4 35. Be4 Ne2+ 36. Kf3 Nf4 37. Kg4 Ne2 38. Bd3 Nc3 39. Bb5 Nxb5 40. axb5 Ke6 41. b6 Kd6 42. Kf5 a4 43. Kg6 a3 44. Kxh6 a2 45. Kg6 a1=Q 46. h6 e4 47. h7 Qh8 48. h5 Kc6 0-1